Strategic Risk Management Practice/ (Record no. 208447)
[ view plain ]
| 000 -LEADER | |
|---|---|
| fixed length control field | 00737nam a2200205 4500 |
| 005 - DATE AND TIME OF LATEST TRANSACTION | |
| control field | 20250113164005.0 |
| 010 ## - LCCN (DPL NO) | |
| LC control number | ENG-143341 |
| 020 ## - INTERNATIONAL STANDARD BOOK NUMBER | |
| International Standard Book Number | 9781107601901 |
| Terms of availability | 295.00 |
| 035 ## - SYSTEM CONTROL NUMBER | |
| System control number | EN-126873 |
| 037 ## - SOURCE OF ACQUISITION | |
| Source of stock number/acquisition | DBAD |
| 082 ## - DEWEY DECIMAL CLASSIFICATION NUMBER | |
| Classification number | 658.15 |
| 100 ## - MAIN ENTRY--PERSONAL NAME | |
| Personal name | Andersen T. J |
| 245 ## - TITLE STATEMENT | |
| Title | Strategic Risk Management Practice/ |
| Statement of responsibility, etc | by T. J Andersen [and] Peter Winther Schroder |
| 260 ## - PUBLICATION, DISTRIBUTION, ETC. (IMPRINT) | |
| Place of publication, distribution, etc | Cambridge |
| Name of publisher, distributor, etc | Cambridge University Press |
| Date of publication, distribution, etc | 2011 |
| 270 ## - ADDRESS | |
| Address | Cambridge University Press |
| City | 40 West 20th Street |
| Postal code | New York |
| 300 ## - PHYSICAL DESCRIPTION | |
| Extent | 245p ; |
| Dimensions | 24cm(pb) |
| 650 ## - SUBJECT ADDED ENTRY--TOPICAL TERM | |
| Topical term or geographic name as entry element | Commonwealth literature (English) -- Bio-bibliography. |
| 650 ## - SUBJECT ADDED ENTRY--TOPICAL TERM | |
| Topical term or geographic name as entry element | Commonwealth literature (English) -- Dictionaries. |
| 942 ## - ADDED ENTRY ELEMENTS (KOHA) | |
| Source of classification or shelving scheme | Dewey Decimal Classification |
| Item type | English Books |
| Classification part | 658.15 |
| Call number suffix | AND |
| Withdrawn status | Lost status | Not for loan | Collection code | Home library | Current library | Date acquired | Source of acquisition | Cost, normal purchase price | Full call number | Barcode | Copy number | Cost, replacement price | Koha item type |
|---|---|---|---|---|---|---|---|---|---|---|---|---|---|
| Non-fiction | Central Library | Central Library | 13/01/2025 | Delivery of Books Act Division | 295.00 | 658.15 AND | EN-126873 | 1 | 295.00 | English Books |
